National League Teams 22/23 - Statistics

General Stats
  • This quiz has been taken 361 times
  • The average score is 14 of 24
Answer Stats
Answer % Correct
Wrexham
89%
Notts County
78%
Chesterfield
70%
Oldham Athletic
70%
Yeovil Town
70%
York City
66%
Aldershot Town
65%
Barnet
65%
Scunthorpe United
65%
Dagenham & Redbridge
58%
Maidstone United
58%
Southend United
58%
Torquay United
58%
Woking
57%
Gateshead
56%
Solihull Moors
55%
Boreham Wood
53%
Bromley
53%
Dorking Wanderers
53%
Altrincham
50%
Maidenhead United
50%
FC Halifax Town
47%
Eastleigh
46%
Wealdstone
43%
No matching quizzes found
Score Distribution
Percent of People with Each Score
Percentile by Number Answered
Your Score History
You have not taken this quiz